| 000 | 00624nam a2200217 a 4500 | ||
|---|---|---|---|
| 001 | BRCA_4268 | ||
| 005 | 20190320204616.0 | ||
| 008 | 210610s1976----mx-a######---#000-0#spa-# | ||
| 041 | _aspa | ||
| 044 | _amx | ||
| 050 | 4 |
_aF1386.8 _b.P35 1976 |
|
| 245 | 1 | 0 | _aPalacio Nacional. |
| 260 |
_aMéxico _bSecretaría de Obras Públicas _c1976 |
||
| 300 |
_a564 p. _bil. (algunas a color) _c45 cm. |
||
| 500 | _aIncluye glosario de términos | ||
| 500 | _aColección Sonia Corcuera de Mancera | ||
| 504 | _aBibliografía: p. 321-325 | ||
| 650 | 1 | 4 |
_aPalacio Nacional _zCiudad de México _911001 |
| 902 | _aDSC | ||
| 942 |
_2lcc _cB |
||
| 999 |
_c3979 _d3979 |
||